000
00305npm a2200133 4500
003
OSt
005
20260122184125.0
008
260122b |||||||| |||| 00| 0 fre d
040
_c
autismepaimpol.fr
245
_a
Domino Les Animaux
260
_b
NATHAN
520
_a
Un jeu de domino classique
942
_c
MATP
999
_c
263
_d
263